| 000 | 00991cam a22002651 4500 | ||
|---|---|---|---|
| 001 | sa 66004511 | ||
| 003 | DLC | ||
| 005 | 20260227112243.0 | ||
| 008 | 780317s1965 ii 000 0 eng | ||
| 010 | _asa 66004511 | ||
| 035 | _a(OCoLC)3726456 | ||
| 040 |
_aDLC _cNcCU _dOCoLC _dDLC |
||
| 041 | 0 | _aengsan | |
| 042 | _apremarc | ||
| 050 | 0 | 0 |
_aPK3631 _b.N3 1965 |
| 130 | 0 |
_aMahābhārata. _pNalopākhyāna. _lEnglish & Sanskrit. |
|
| 245 | 1 | 0 |
_aNalopākhyānam ; _bstory of Nala, _can episode of the MahāB̄hārata. The Sanskrit text, with a copious vocabulary and an improved version of Dean Milman's translation, by Monier Williams. |
| 250 | _a[1st Indian ed.] | ||
| 260 |
_aVaranasi, _bThe Chowkhamba Sanskrit Series Office, _c1965. |
||
| 300 |
_axvi, 330 p. _c25 cm. |
||
| 440 | 4 |
_aThe Chowkhamba Sanskrit studies, _vv. 53 |
|
| 500 | _aEnglish and Sanskrit; pref. in English. | ||
| 700 | 1 |
_aMilman, Henry Hart, _d1791-1868. |
|
| 700 | 1 |
_aMonier-Williams, Monier, _cSir, _d1819-1899. |
|
| 999 |
_c69465 _d69465 |
||